|
|
|
|
| LEADER |
00000cam a2200000 7i4500 |
| 001 |
0000001158 |
| 005 |
20140115.0 |
| 020 |
0 |
0 |
|a 0071162739
|
| 090 |
0 |
0 |
|a 658.408
|b FIE 1997
|
| 100 |
1 |
0 |
|a FIELD
|h Barry C.
|
| 245 |
1 |
0 |
|a Environmental economics :
|b An introduction
|c Barry C. Field
|
| 250 |
0 |
0 |
|a 2nd ed.
|
| 260 |
0 |
0 |
|a New York :
|b McGraw-Hill ,
|c 1997
|
| 300 |
|
|
|a xvii, 490 p. :
|b ill. ;
|c 24 cm.
|
| 500 |
0 |
0 |
|a Includes index
|
| 650 |
0 |
0 |
|a Economic development
|x Environmental aspects
|
| 650 |
0 |
0 |
|a Environmental economics
|
| 998 |
|
|
|a JPSM
|
| 999 |
|
|
|a 0000002103
|b Monograph
|c Open Shelf
|e Default branch
|